000 01188nam a2200409 c 4500
001 a581
003 DO-SdBNP
005 20180130100105.0
007 a581
008 160614s1999 sp a 000 fdspa
015 _a
017 _a
_b
020 _a848130168X
035 _a
040 _aBPMUS
_bspa
_cBPMSU
_e
041 1 _aspa
_h
080 _a
082 _a 823.8
_bK57k
100 1 _aKipling, Rudyard
_d1865-1936
_4
240 1 0 _aKim
_lEspañol
245 1 0 _aKim /
_cRudyard Kipling ; traducción José Luis López Muñoz ; prólogo de Fernando Sánchez Dragó
250 _a
260 _aMadrid :
_bMilenium,
_c1999
300 _a288 p ;
_b
_c 23 cm
336 _aTexto (visual)
_2isbdcontent
337 _asin mediación
_2isbdmedia
490 _aMilenium
_aLas 100 Joyas del Milenium
_v51
650 _aNOVELA INGLESA
650 _aHISTORIAS DE AVENTURAS
700 _aLópez Muñoz, José Luis
_etr.
700 _a Sánchez Dragó, Fernando
_epról.
830 _aMilenium
_pLas 100 Joyas del Milenium
_v51
901 _a
942 _2ddc
_cBK
945 _aInventariado, 2018 / BT
956 _aVMATEO
_b10
_c20160714
_dBPMSU
_f00069
999 _c10879
_d10879